000 01566nam0a2200397 4500
001 RU\NLR\bibl\229848
005 20260406062142.0
021 _aRU
_b2001-52589
_92545
035 _a(NLR Aleph) 000225815
090 _a1313438
_c1313438
100 _a20020204d2001 |||y0rusy50 ca
101 0 _arus
_achv
102 _aRU
105 _aa |||||||||
181 0 _ai
_baxxe
182 0 _an
200 1 _aМан тěнче пуçланать çак ялтан...
_e[Рассказы, стихи, публ. ст.]
_dМой мир берет начало здесь...
_fНиколай Адер (Тувалкин)
203 _aТекст
_bвизуальный
_cнепосредственный
210 _aЧебоксары
_cКалем
_d2001
215 _d22
_a239 с.
_cил., нот.
300 _aПарал. загл. и обл. на чуваш. яз.
300 _aЧасть текста на рус. яз.
607 _aЧувашская Республика
_jВоспоминания, записки и т.п.
_xИстория
_92097484
_3RU\NLR\auth\661268938
675 _a821.512.111-8Адер
_v3
_zrus
686 _a17.82
_2rugasnti
686 1 _aШ6(2=Чув.)7я44
686 _aТ3(2Р-6Чу)
700 1 _4070
_8rus
_7ca
_aАдер
_bН. М.
_gНиколай Михайлович
_3RU\NLR\auth\7712344
_9122066
801 0 _aRU
_bRKP
_c20020204
_gPSBO
801 1 _aRU
_bRKP
_c20020204
801 2 _aRU
_bNLR
_c20060405
_grcr
852 _aNLR
_bОНЛ
_jЧув./3-3684
942 _cBOOK
980 _aNB